Kết cấu bê tông cốt thép : Phần kết cấu nhà cửa
Sách trình bày những vấn đề về tính toán và cấu tạo các kết cấu của nhà dân dụng và công nghiệp. Sách gồm bảy chương và các phụ lục. Trong các chương trình bày những nguyên lý chung về thiết kế kết cấu bê tông cốt thép, cách xác định...
Gardado en:
| Autor Principal: | |
|---|---|
| Formato: | Libro |
| Idioma: | Undetermined |
| Publicado: |
Hà Nội
ĐH và THCN
1978
|
| Những chủ đề: | |
| Các nhãn: |
Engadir etiqueta
Sen Etiquetas, Sexa o primeiro en etiquetar este rexistro!
|
| Thư viện lưu trữ: | Trung tâm Học liệu Trường Đại học Cần Thơ |
|---|
| LEADER | 01494nam a2200217Ia 4500 | ||
|---|---|---|---|
| 001 | CTU_16786 | ||
| 008 | 210402s9999 xx 000 0 und d | ||
| 020 | |c 22500 | ||
| 082 | |a 693.54 | ||
| 082 | |b C455 | ||
| 100 | |a Nguyễn, Đình Cống | ||
| 245 | 0 | |a Kết cấu bê tông cốt thép : | |
| 245 | 0 | |b Phần kết cấu nhà cửa | |
| 245 | 0 | |c Nguyễn Đình Cống, Ngô Thế Phong, Huỳnh Chánh Thiên | |
| 260 | |a Hà Nội | ||
| 260 | |b ĐH và THCN | ||
| 260 | |c 1978 | ||
| 520 | |a Sách trình bày những vấn đề về tính toán và cấu tạo các kết cấu của nhà dân dụng và công nghiệp. Sách gồm bảy chương và các phụ lục. Trong các chương trình bày những nguyên lý chung về thiết kế kết cấu bê tông cốt thép, cách xác định nội lực theo sơ đồ đàn hồi và có thể đến biến dạng dẻo, những đặc điểm về thiết kế các kết cấu lắp ghép, trình bày về tính toán và cấu tạo các bộ phận cua nhà như mái, sàn, khung, móng. Các phụ lục cung cấp những số liệu cần thiết để thiết kê kết cấu bê tông cốt thép | ||
| 650 | |a Reinforced concrete | ||
| 904 | |i Minh, Trọng Hiếu | ||
| 980 | |a Trung tâm Học liệu Trường Đại học Cần Thơ | ||